[Event "Linares 15th"]
[Site "Linares"]
[Date "1998.03.06"]
[Round "11"]
[White "Kasparov, Garry"]
[Black "Ivanchuk, Vassily"]
[Result "1/2-1/2"]
[WhiteElo "2825"]
[BlackElo "2740"]
[Annotator "ChessBase"]
[PlyCount "108"]
[EventDate "1998.02.22"]
[EventType "tourn"]
[EventRounds "12"]
[EventCountry "ESP"]
[EventCategory "21"]
[SourceTitle "CBM 064"]
[Source "ChessBase"]
[SourceDate "1998.06.02"]
[SourceVersion "1"]
[SourceVersionDate "1998.06.02"]
[SourceQuality "1"]

1. e4 e5 2. Nf3 Nc6 3. Bb5 a6 4. Ba4 Nf6 5. O-O Be7 6. Re1 b5 7. Bb3 d6 8. c3
O-O 9. h3 Bb7 10. d4 Re8 11. Nbd2 Bf8 12. d5 Nb8 13. Nf1 Nbd7 14. N3h2 Nc5 15.
Bc2 c6 16. b4 (16. dxc6 Bxc6 17. Bg5 h6 18. Bxf6 Qxf6 19. Ng3 g6 20. Ng4 Qd8
21. Ne3 h5 22. Nd5 Bh6 23. b4 Ne6 24. Bb3 Rc8 25. Ne2 Nc7 {1/2-1/2 Ghinda,
M-Cela,A/Ano Liosia op 1998/EXP 62 (40)}) 16... Ncd7 17. dxc6 Bxc6 {[%csl Yd5,
Rf6]} 18. Ng4 (18. Bg5 Qc7 19. Bxf6 Nxf6 20. Ng4 Nd7 21. Qf3 Nb6 22. Bb3 {
[%csl Yd5]} Qb7 23. Ng3 d5 {1/2-1/2 Korneev,O-Ibragimov,I/RUS-Cup5 1997/EXP 57
(51)}) 18... Nxg4 19. hxg4 Nb6 20. Ne3 d5 21. exd5 Nxd5 22. Nxd5 Qxd5 23. Qxd5
Bxd5 24. Bb3 Be6 $6 (24... Red8 $5 25. Be3 $1 {[%csl Ya5][%cal Ye3b6] /\Bb6})
25. Bxe6 Rxe6 26. a4 $14 bxa4 $6 27. Rxa4 Rc8 28. Bd2 Rd6 29. Ra2 f6 30. Re4 $2
(30. Rea1 Rcc6 31. Kf1 Kf7 32. Ke2 Ke8 33. Ra3 $16 {Dokhoian} (33. Ra4 Kd7 34.
R1a3)) 30... g6 $1 31. c4 (31. Re1 Bg7 32. Rea1 f5 33. Kf1 e4 {קc3 Dokhoian})
(31. g5 $5 Rcd8 32. Be1 Bg7 33. gxf6 Bxf6 34. f3 $14) 31... f5 32. gxf5 gxf5
33. Rxe5 Rxc4 34. Rxf5 Bh6 $1 $11 35. Bxh6 Rxh6 36. Rc5 Rxb4 37. Rc8+ Kg7 38.
Rc7+ Kg8 39. g3 Rbb6 40. Ra7 Rhg6 41. Kg2 Rbf6 42. Ra3 Kh8 43. f3 Kg8 44. Kf2
Rb6 45. f4 h5 46. Kf3 Rbc6 47. Rd7 Rg7 48. Rxg7+ Kxg7 49. Kg2 Kh6 50. Kh3 Rg6
51. Ra5 Kg7 52. Rc5 Kh6 53. Rc8 Kh7 54. Ra8 Kg7 1/2-1/2

[Event "EU-chT 06th Final"]
[Site "Moscow (Russia)"]
[Date "1977.04.??"]
[Round "2.5"]
[White "Parma, Bruno"]
[Black "Balashov, Yuri S"]
[Result "1/2-1/2"]
[WhiteElo "2530"]
[BlackElo "2565"]
[Annotator "ChessBase"]
[PlyCount "69"]
[EventDate "1977.04.13"]
[EventType "team-tourn"]
[EventRounds "7"]
[EventCountry "URS"]
[SourceTitle "EU-chT"]
[Source "ChessBase"]
[SourceDate "1999.07.01"]
[SourceVersion "2"]
[SourceVersionDate "1999.07.01"]
[SourceQuality "1"]
[WhiteTeam "Yugoslavia"]
[BlackTeam "Soviet Union"]
[WhiteTeamCountry "YUG"]
[BlackTeamCountry "URS"]

1. e4 e5 2. Nf3 Nc6 3. Bb5 a6 4. Ba4 Nf6 5. O-O Be7 6. Re1 b5 7. Bb3 O-O 8. c3
d6 9. h3 Bb7 10. d4 Re8 11. Nbd2 Bf8 12. d5 Ne7 13. Nf1 Ng6 14. N3h2 h6 15. Ng3
Bc8 16. Bc2 (16. Nf5 $5) 16... Bd7 17. Be3 Nh7 18. Nf5 Nf4 19. Bxf4 exf4 20.
Qd2 g6 21. Nd4 Qf6 22. Ne2 f3 23. Nxf3 Bxh3 $10 24. Qf4 Bd7 25. Qxf6 Nxf6 26.
Ned4 Re7 27. Nd2 Rae8 28. Kf1 h5 29. f3 Bh6 30. N2b3 h4 31. Na5 Re5 32. Nac6
Rg5 33. Kf2 Rh5 34. a4 Bxc6 35. dxc6 1/2-1/2

[Event "Linares 07th"]
[Site "Linares"]
[Date "1989.??.??"]
[Round "?"]
[White "Ivanchuk, Vassily"]
[Black "Karpov, Anatoly"]
[Result "1/2-1/2"]
[WhiteElo "2635"]
[BlackElo "2750"]
[Annotator "ChessBase"]
[PlyCount "58"]
[EventDate "1989.01.??"]
[EventType "tourn"]
[EventRounds "11"]
[EventCountry "ESP"]
[EventCategory "16"]
[SourceTitle "CBM 011"]
[Source "ChessBase"]
[SourceDate "1989.08.01"]
[SourceVersion "1"]
[SourceVersionDate "1989.08.01"]
[SourceQuality "1"]

1. e4 e5 2. Nf3 Nc6 3. Bb5 a6 4. Ba4 Nf6 5. O-O Be7 6. Re1 b5 7. Bb3 d6 8. c3
O-O 9. h3 Bb7 10. d4 Re8 11. Nbd2 Bf8 12. a4 h6 13. Bc2 exd4 14. cxd4 Nb4 15.
Bb1 bxa4 16. Rxa4 a5 17. Ra3 Ra6 $1 (17... Qd7 $6 18. Nh4 $1 (18. Rae3 $6 a4
19. Nf1 d5 $1 20. e5 Ne4 21. N1d2 Qb5 22. Nxe4 dxe4 23. Bxe4 Bxe4 24. Rxe4 Nd3
$146 {Balashov,Y-Balivvsky,A}) 18... Qb5 19. Rf3 Nh7 20. Rg3 Ng5 21. Nhf3 Nxf3+
22. Nxf3 Qh5 23. Bd2 Re7 24. Qc1 Kh8 25. d5 c5 26. Rg4 Bc8 27. Rf4 Kg8 28. e5 {
/\ Rh4!} g5 29. Rf6 dxe5 30. Bxb4 axb4 31. Qc2 Kg7 32. d6 Kxf6 33. dxe7 Bxe7
34. Qe4 {1-0 Ehlvest,J-Beliavski,A/URS-51ch/1984/}) 18. Nh2 {Zum ersten Mal
gespielt in Sax,G-Banas,J/Balatonbereny/1984/1-0/ -> Inf.38/457. Dort folgte
18...Qa8?! 19.Rae3 Qa7 20.e5!+/-} (18. Rae3 a4 19. Nf1 d5 20. e5 Ne4 21. N1d2
c5 $1 22. Nxe4 dxe4 23. Bxe4 Bxe4 24. Rxe4 c4 $5 25. e6 $1 Rexe6 26. Rxe6 fxe6
27. Ne5 Qc7 28. Qf3 $14 {Balashov,Y-Karpov,An/URS-50ch/1983/remis/}) 18... g6
$1 (18... d5 $6 19. e5 Ne4 20. Nxe4 dxe4 21. Bxe4 Bxe4 22. Rxe4 Qd5 {22...c5!?}
23. Qe2 $16) (18... Qa8 $6 19. Rae3 Qa7 20. e5 Nfd5 21. Rg3 dxe5 22. dxe5 Rae6
23. Ne4 Kh8 24. Nf3 Qb6 25. Nfg5 hxg5 26. Nxg5 g6 27. Qh5+ $1 {1-0  Sax-Banas/
Balatonbereny/1984/}) 19. f4 (19. Ng4 Nxg4 20. Qxg4 c5 {Hjartarson,J-Karpov,An
(5)/Seattle cq/1989/remis/ ->}) 19... d5 $5 20. e5 Ne4 21. Ng4 c5 $1 22. Nxe4
dxe4 23. dxc5 Bxc5+ 24. Be3 Bf8 25. Nf6+ Rxf6 26. Qxd8 Rxd8 27. exf6 Nd3 28.
Rd1 Bxa3 29. bxa3 Bd5 1/2-1/2

[Event "Cannes schev"]
[Site "Cannes"]
[Date "1989.??.??"]
[Round "?"]
[White "Adams, Michael"]
[Black "Spassky, Boris Vasilievich"]
[Result "0-1"]
[WhiteElo "2495"]
[BlackElo "2580"]
[Annotator "ChessBase"]
[PlyCount "94"]
[EventDate "1989.02.??"]
[EventType "schev"]
[EventRounds "10"]
[EventCountry "FRA"]
[SourceTitle "CBM 011"]
[Source "ChessBase"]
[SourceDate "1989.08.01"]
[SourceVersion "1"]
[SourceVersionDate "1989.08.01"]
[SourceQuality "1"]

1. e4 e5 2. Nf3 Nc6 3. Bb5 a6 4. Ba4 Nf6 5. O-O Be7 6. Re1 b5 7. Bb3 d6 8. c3
O-O 9. h3 Nd7 {Von Spassky wiederentdeckt} 10. d4 Nb6 $1 (10... Bf6 11. a4 Na5
12. Bc2 Nb6 13. b4 Nac4 14. a5 Nd7 15. Bb3 exd4 16. cxd4 c5 17. Bf4 cxb4 18.
Nbd2 d5 19. exd5 Nxa5 20. Bd6 Nxb3 21. Qxb3 Re8 22. Bc7 Rxe1+ 23. Rxe1 Qf8 24.
Ne4 a5 25. Qd3 $1 {Chandler} (25. Nd6 a4 26. Qxb4 Be7 27. Ne5 Nxe5 28. dxe5 Bd7
$10 {Fischer,R; dieses Urteil zitiert ECO92/16,79}) 25... a4 26. Bd6 Qd8 27.
Bxb4 Ba6 28. Nd6 Qc7 29. Qf5 g6 30. Qf4 Rf8 31. Ne5 Nb6 32. Ng4 Bd8 33. Nh6+
Kg7 34. Ndf5+ {1-0 Chandler,M-Nikolic,Pr/Hastings/1987/ -> CBM6,S.32}) 11. Nbd2
Bf6 12. Nf1 Re8 13. Ng3 (13. N1h2 Na5 14. Bc2 exd4 15. cxd4 c5 16. Ng4 Bxg4 17.
hxg4 cxd4 $13 {Renet,O-Sopassky,B/Cannes/1989/0-1/37/ round1  ->}) 13... g6 14.
Bh6 Na5 (14... a5 $10 {=; ECO92/19}) 15. Bc2 c5 16. d5 Bd7 17. Qd2 Qe7 18. Rf1
Bg7 19. Bxg7 Kxg7 20. Nh2 Qh4 $1 21. b3 Qf4 22. Qe1 Qg5 23. Kh1 Nb7 24. Ne2 Rf8
25. f4 exf4 26. Nxf4 Rae8 27. Qd2 Kg8 28. Rae1 f6 29. Rf3 $1 Nd8 30. Qf2 Nf7
31. b4 $5 (31. Rg3 Qh6 32. Ng4 Bxg4 33. Rxg4 Nd8 34. Qg3 Re7 35. Nxg6 hxg6 36.
Qxd6 (36. Rxg6+ Rg7 $1) 36... Nc8 $13) 31... Ne5 32. Rg3 Qh4 33. bxc5 dxc5 34.
Nd3 Nbc4 35. Nxc5 Bc8 36. Nf3 Qh6 37. Nd4 Ng4 38. Qg1 Qh4 39. Rf3 f5 40. Nde6
fxe4 41. Bxe4 $2 (41. Rxf8+ Rxf8 42. Nxe4 Bxe6 43. dxe6 Rf3 44. Re2 $1 Rxh3+
45. gxh3 Qxh3+ 46. Rh2 Nxh2 47. Qxh2 Qf1+ 48. Qg1 Qh3+ $10) 41... Nf2+ 42. Rxf2
Rxf2 43. Bd3 Nd6 44. Rd1 Ref8 45. Nxf8 Bxh3 46. Qh2 Rxg2 47. Qxd6 Rxa2 0-1

[Event "Baden"]
[Site "Baden"]
[Date "1980.??.??"]
[Round "15"]
[White "Byrne, Robert Eugene"]
[Black "Janetschek, Karl"]
[Result "1-0"]
[WhiteElo "2530"]
[BlackElo "2325"]
[Annotator "ChessBase"]
[PlyCount "51"]
[EventDate "1980.??.??"]
[EventType "tourn"]
[EventRounds "15"]
[EventCountry "AUT"]
[EventCategory "12"]
[SourceTitle "MCL"]
[Source "ChessBase"]
[SourceDate "1999.07.01"]
[SourceVersion "1"]
[SourceVersionDate "1999.07.01"]
[SourceQuality "1"]

1. e4 e5 2. Nf3 Nc6 3. Bb5 a6 4. Ba4 Nf6 5. O-O Be7 6. Re1 b5 7. Bb3 d6 8. c3
O-O 9. h3 Nd7 10. d4 Nb6 11. Nbd2 exd4 12. cxd4 d5 13. Bc2 Be6 14. e5 Qd7 15.
Nf1 $1 (15. Nb3) 15... Nb4 16. Bb1 Bf5 17. Bg5 $1 Bxg5 (17... f6 18. Bh4 $14)
18. Nxg5 Nc4 $2 (18... h6 $14) 19. Ng3 $1 $16 Bxb1 (19... Bg6 20. e6 $1 fxe6
21. Bxg6 hxg6 22. Qg4 $18) 20. Qxb1 f5 (20... g6 21. Nh5 $1) 21. exf6 gxf6 22.
Ne6 Rfe8 23. Qf5 Nd6 24. Qxf6 $18 Ne4 25. Rxe4 dxe4 26. Nf5 1-0

[Event "EU-chT 07th Final"]
[Site "Skara"]
[Date "1980.01.20"]
[Round "1.2"]
[White "Gruenfeld, Yehuda"]
[Black "Smejkal, Jan"]
[Result "1/2-1/2"]
[WhiteElo "2455"]
[BlackElo "2555"]
[Annotator "ChessBase"]
[PlyCount "120"]
[EventDate "1980.01.20"]
[EventType "team-tourn"]
[EventRounds "7"]
[EventCountry "SWE"]
[SourceTitle "EU-chT"]
[Source "ChessBase"]
[SourceDate "1999.07.01"]
[SourceVersion "2"]
[SourceVersionDate "1999.07.01"]
[SourceQuality "1"]
[WhiteTeam "Israel"]
[BlackTeam "Czechoslovakia"]
[WhiteTeamCountry "ISR"]
[BlackTeamCountry "CSR"]

1. e4 e5 2. Nf3 Nc6 3. Bb5 a6 4. Ba4 Nf6 5. O-O Be7 6. Re1 b5 7. Bb3 d6 8. c3
O-O 9. h3 Bb7 10. d4 Re8 11. a4 Bf8 12. d5 Nb8 13. axb5 axb5 14. Rxa8 Bxa8 15.
Na3 c6 16. Bg5 Nbd7 17. dxc6 Bxc6 18. Nc2 Qa8 19. Bxf6 Nxf6 20. Ng5 d5 21. Ne3
Nxe4 (21... h6 22. Nxf7 $1) 22. Nxf7 Nf6 (22... Kxf7 $2 23. Nxd5 $18) (22...
Nc5 23. Bxd5 Bxd5 24. Nxd5 Kxf7 25. Nc7 $16) 23. Ng5 h6 24. Nf3 b4 25. Ng4 Nxg4
26. hxg4 bxc3 27. bxc3 e4 28. Nd4 Bb7 29. g5 (29. Nf5 $14) 29... hxg5 30. Qh5
Re5 31. Nf3 Qe8 32. Qxe8 Rxe8 33. Nxg5 Kh8 34. Rd1 e3 35. fxe3 Bc5 36. Bxd5
Bxe3+ 37. Kh1 Bxd5 38. Rxd5 Rc8 39. Ne4 Rc4 40. Re5 Bf4 41. Re8+ Kh7 42. g4 Bc1
43. Re6 g5 44. Kg2 Kg7 45. Kf3 Bf4 46. Rb6 Rc8 47. Rb5 Kg6 48. Rd5 Rh8 49. Rd3
Rc8 50. Kf2 Be5 51. Ke2 Rc4 52. Ke3 Bf4+ 53. Kf3 Rc8 54. Rd1 Rh8 55. Re1 Rh3+
56. Kf2 Rh2+ 57. Kg1 Rc2 58. Kf1 Be5 59. Re3 Kh6 60. Rf3 Kg6 1/2-1/2

[Event "Baden-Baden"]
[Site "Baden-Baden"]
[Date "1985.08.05"]
[Round "5"]
[White "Kindermann, Stefan"]
[Black "Smejkal, Jan"]
[Result "1-0"]
[WhiteElo "2480"]
[BlackElo "2565"]
[Annotator "ChessBase"]
[PlyCount "81"]
[EventDate "1985.07.31"]
[EventType "tourn"]
[EventRounds "13"]
[EventCountry "GER"]
[EventCategory "9"]
[SourceTitle "MCL"]
[Source "ChessBase"]
[SourceDate "1999.07.01"]
[SourceVersion "1"]
[SourceVersionDate "1999.07.01"]
[SourceQuality "1"]

1. e4 e5 2. Nf3 Nc6 3. Bb5 a6 4. Ba4 Nf6 5. O-O Be7 6. Re1 b5 7. Bb3 d6 8. c3
O-O 9. h3 Bb7 10. d4 Re8 11. Nbd2 Bf8 12. d5 Na5 $6 (12... Nb8 13. Bc2 Nbd7)
13. Bc2 c6 (13... c5 14. b4 cxb4 15. cxb4 Nc4 16. Nxc4 bxc4 17. Bd2 $16 {
/\ Bc3, Qe2, Nd2}) 14. b4 Nc4 15. Nxc4 bxc4 16. dxc6 (16. Ba4 $2 cxd5) 16...
Bxc6 17. Bg5 $1 h6 18. Bxf6 Qxf6 19. Nh2 $1 $16 a5 20. Ng4 Qe6 21. a4 Be7 (
21... axb4 22. cxb4 d5 23. b5 Bb7 24. exd5 Qxd5 25. Qxd5 Bxd5 26. Rad1 $16) 22.
Qe2 Bg5 23. Ne3 Bxe3 24. Qxe3 d5 (24... axb4 25. cxb4 d5 26. exd5 (26. b5 d4 $1
) 26... Qxd5 27. Be4 Qxe4 28. Qxe4 Bxe4 29. Rxe4 $16) 25. b5 Bb7 26. Rad1 Rad8
(26... dxe4 27. Bxe4 Bxe4 28. Qxe4 $16) 27. Qa7 $1 Rd7 28. exd5 Bxd5 29. Qxa5
f5 30. Qb4 Kh8 (30... Qg6 31. Rxd5 Rxd5 32. Qxc4 Red8 33. Rxe5 Qf7 34. Rxd5
Rxd5 35. Qc8+ Kh7 36. Bb3 $18) 31. Qc5 e4 (31... f4 32. Bf5 Qxf5 33. Rxd5 Rxd5
34. Qxd5 Qd3 35. Qf7 Rg8 36. Rxe5 Qxc3 37. Qxf4 $16) 32. Qe3 Rf8 33. f4 $1 Ra8
34. Rd2 Qe7 35. Red1 Be6 36. Rxd7 Bxd7 37. Qd4 Be6 38. Qe5 Qa7+ 39. Qd4 Qa5 40.
b6 Qa6 41. Rb1 1-0

[Event "Interzonal-13c"]
[Site "Biel"]
[Date "1985.07.15"]
[Round "10"]
[White "Sax, Gyula"]
[Black "Short, Nigel D"]
[Result "1/2-1/2"]
[WhiteElo "2535"]
[BlackElo "2575"]
[Annotator "ChessBase"]
[PlyCount "89"]
[EventDate "1985.07.02"]
[EventType "tourn"]
[EventRounds "17"]
[EventCountry "SUI"]
[EventCategory "12"]
[SourceTitle "IZT"]
[Source "ChessBase"]
[SourceDate "1999.07.01"]
[SourceVersion "1"]
[SourceVersionDate "1999.07.01"]
[SourceQuality "1"]

1. e4 e5 2. Nf3 Nc6 3. Bb5 a6 4. Ba4 Nf6 5. O-O Be7 6. Re1 b5 7. Bb3 d6 8. c3
O-O 9. h3 Bb7 10. d4 Re8 11. Nbd2 Bf8 12. a3 g6 13. Bc2 $5 Bg7 14. d5 Nb8 15.
c4 c6 $1 16. b4 $5 Qc7 (16... a5 17. dxc6 Bxc6 18. bxa5 Rxa5 19. Rb1 $14) 17.
Bb2 bxc4 18. dxc6 Nxc6 19. Nxc4 Rad8 (19... Nxb4 20. Bb3 Nc6 21. Qxd6 Qxd6 22.
Nxd6 $14) 20. Ba4 $1 Nxe4 21. Qc2 d5 $8 22. Ncxe5 (22. Na5 Re6 23. Rac1 Rc8 24.
Rxe4 dxe4 25. Ng5 Rd6 26. Nxb7 Qxb7 27. Nxe4 Ne7 28. Nxd6 Rxc2 29. Nxb7 Rxb2
$14) 22... Rxe5 $1 23. Bxc6 Re6 24. Bxg7 Rxc6 25. Qb2 Rc2 26. Be5 Rxb2 27. Bxc7
Rc8 28. Bb6 f6 29. Nd4 $1 Kf7 (29... Nxf2 $32 30. Re7 Ba8 31. Ne6 Ne4 32. Bd4
Rd2 33. Rg7+ Kh8 34. Ra7 $14) 30. f3 Nd2 31. Bc5 Rc7 32. Re2 $2 (32. Ne6 $1 Rd7
33. Bd4 Rc2 34. Nc5 Rc7 35. Re6 f5 36. Rae1 $16) 32... Nc4 33. Rxb2 Nxb2 34.
Rc1 Bc8 35. Rc2 Nc4 36. Rc3 Bd7 37. Kf2 Rc8 38. Nc2 a5 $10 39. Ne3 Be6 40. Nc2
axb4 41. Bxb4 Ra8 42. Nd4 Bd7 43. Rd3 g5 44. g4 h5 45. Nc2 1/2-1/2

[Event "Portoroz/Ljubljana"]
[Site "Ljubljana"]
[Date "1985.??.??"]
[Round "5"]
[White "Smyslov, Vassily V"]
[Black "Gligoric, Svetozar"]
[Result "1/2-1/2"]
[WhiteElo "2600"]
[BlackElo "2510"]
[Annotator "ChessBase"]
[PlyCount "88"]
[EventDate "1985.06.??"]
[EventType "tourn"]
[EventRounds "11"]
[EventCountry "YUG"]
[EventCategory "12"]
[SourceTitle "MCL"]
[Source "ChessBase"]
[SourceDate "1999.07.01"]
[SourceVersion "1"]
[SourceVersionDate "1999.07.01"]
[SourceQuality "1"]

1. e4 e5 2. Nf3 Nc6 3. Bb5 a6 4. Ba4 Nf6 5. O-O Be7 6. Re1 b5 7. Bb3 d6 8. c3
O-O 9. h3 Bb7 10. d4 Re8 11. Nbd2 Bf8 12. Bc2 g6 13. a3 Bg7 (13... Rc8) 14. Nb3
{P d5, a5} a5 (14... exd4 15. cxd4 a5 16. Bg5) 15. d5 a4 (15... Ne7 $5 16. a4
c6 17. dxc6 Bxc6 18. axb5 Bxb5 19. Bg5) 16. dxc6 axb3 17. cxb7 bxc2 18. Qd3 $1
Rb8 19. Qxb5 d5 $1 20. exd5 Qxd5 21. Qxd5 (21. Qa4 e4 22. Nd4 Rxb7 $132) 21...
Nxd5 22. Re2 Rxb7 23. Rxc2 $14 e4 24. Nd4 c5 25. Ne2 f5 26. Nf4 Nb6 27. a4 Nc4
28. a5 Ne5 (28... Ra7 $1 29. Be3 Nxe3 (29... Rxa5 30. Rxa5 Nxa5 31. Bxc5 Nb3)
30. fxe3 Rea8 31. Rd2 Rxa5 32. Rxa5 Rxa5 33. Rd8+ Kf7 34. Rd7+ Kg8 35. g4 $13)
29. Be3 Bf8 30. a6 Rd7 31. b4 $1 cxb4 32. cxb4 Bxb4 33. a7 Ra8 34. Rb2 (34. Ne6
$1 Bd6 35. Ra6 Kf7 36. Rxd6 Rxd6 37. Nc7 Rdd8 38. Nxa8 Rxa8 39. Rc7+ $18) 34...
Bd6 35. Nd5 (35. Rab1 $5 Rdxa7 36. Bxa7 Rxa7 37. Rb7 $16) 35... Kf7 36. Rab1
Nc4 37. Nb6 $1 Nxb6 38. Rxb6 f4 (38... Raxa7 39. Rxd6 $1 $18) 39. Rxd6 Rxd6 40.
Rb7+ Ke6 41. Bxf4 Ra6 42. Bb8 (42. Be3 $14) 42... h5 43. h4 Ra3 44. Kh2 Kf6
1/2-1/2

[Event "Interzonal-13a"]
[Site "Tunis"]
[Date "1985.04.27"]
[Round "1"]
[White "De Firmian, Nick E"]
[Black "Nikolic, Predrag"]
[Result "1-0"]
[WhiteElo "2540"]
[BlackElo "2575"]
[Annotator "ChessBase"]
[PlyCount "73"]
[EventDate "1985.04.27"]
[EventType "tourn"]
[EventRounds "17"]
[EventCountry "TUN"]
[EventCategory "11"]
[SourceTitle "IZT"]
[Source "ChessBase"]
[SourceDate "1999.07.01"]
[SourceVersion "1"]
[SourceVersionDate "1999.07.01"]
[SourceQuality "1"]

1. e4 e5 2. Nf3 Nc6 3. Bb5 a6 4. Ba4 Nf6 5. O-O Be7 6. Re1 b5 7. Bb3 d6 8. c3
O-O 9. h3 Re8 10. d4 Bb7 11. a4 h6 12. Nbd2 exd4 13. cxd4 Nb4 14. axb5 axb5 15.
Rxa8 Qxa8 (15... Bxa8 16. e5 (16. Qe2 $5 $14) 16... dxe5 17. dxe5 Nfd5 18. e6
fxe6 19. Ne5 $13) 16. e5 dxe5 17. dxe5 Nfd5 18. Ne4 c5 19. e6 fxe6 (19... f5
20. Ng3 Rf8 21. Ne5 c4 22. Nf7 cxb3 23. Nxf5 Bf6 24. Qg4 $16) 20. Ne5 Nc6 (
20... c4 21. Qh5 Rf8 22. Bxh6 Qe8 23. Qg4 $18) 21. Bxd5 exd5 (21... Nxe5 $2 22.
Bxe6+ Kh7 23. Qh5 Bxe4 24. Rxe4 $18) 22. Qxd5+ Kh7 23. Qd3 Kg8 24. Qd5+ Kh7 25.
Qd3 Kg8 26. Nd7 Nb4 (26... Kh8 $1 27. Qg3 $40) 27. Nef6+ Kf7 (27... Bxf6 28.
Nxf6+ Kf7 29. Qd7+) 28. Ne5+ Ke6 29. Neg4+ (29. Qg6 gxf6 30. Nc4+ Kd7 31. Nb6+
$18) 29... Kf7 30. Ne5+ Ke6 31. Neg4+ Kf7 32. Nxh6+ gxh6 33. Qh7+ Kxf6 34.
Qxh6+ Kf7 35. Qh7+ Kf6 36. Bg5+ Kxg5 37. Qg7+ 1-0

[Event "World-ch30-KK1 Karpov-Kasparov +5-3=40"]
[Site "Moscow"]
[Date "1985.01.21"]
[Round "44"]
[White "Kasparov, Garry"]
[Black "Karpov, Anatoly"]
[Result "1/2-1/2"]
[WhiteElo "2715"]
[BlackElo "2705"]
[Annotator "ChessBase"]
[PlyCount "75"]
[EventDate "1984.09.10"]
[EventType "match"]
[EventRounds "48"]
[EventCountry "URS"]
[SourceTitle "MainBase"]
[Source "ChessBase"]
[SourceDate "1999.07.01"]
[SourceVersion "2"]
[SourceVersionDate "1999.07.01"]
[SourceQuality "1"]

1. e4 e5 2. Nf3 Nc6 3. Bb5 a6 4. Ba4 Nf6 5. O-O Be7 6. Re1 b5 7. Bb3 d6 8. c3
O-O 9. h3 Bb7 10. d4 Re8 11. a4 h6 12. Nbd2 exd4 13. cxd4 Nb4 14. Qe2 {N} (14.
d5 {- 37/382}) 14... Bf8 15. e5 Bc6 (15... dxe5 16. Nxe5 Nbd5 17. axb5 $16) (
15... Nfd5 $5) 16. axb5 Bxb5 17. Qd1 Nfd5 18. Ne4 c6 19. Nc3 Rb8 (19... Qb8) (
19... Nd3 20. Re4 Nxc3 21. bxc3 Nxc1 22. Qxc1 d5 23. Rg4 $36) 20. Nxb5 axb5 21.
exd6 Bxd6 22. Bd2 Qc7 (22... Qd7 $142) 23. Qb1 Qd7 24. Ne5 Bxe5 25. Rxe5 Rxe5
26. dxe5 c5 27. Qe4 c4 28. Bd1 Nd3 (28... Re8) 29. Bg4 Qb7 30. Qd4 Qb6 $1 31.
Qxd5 Qxf2+ 32. Kh2 Qxd2 33. Rf1 Qg5 34. Qxf7+ Kh8 35. e6 Ne5 36. Qf5 Nxg4+ 37.
hxg4 Re8 38. Qxg5 1/2-1/2

[Event "World-ch30-KK1 Karpov-Kasparov +5-3=40"]
[Site "Moscow"]
[Date "1985.01.28"]
[Round "46"]
[White "Kasparov, Garry"]
[Black "Karpov, Anatoly"]
[Result "1/2-1/2"]
[WhiteElo "2715"]
[BlackElo "2705"]
[Annotator "ChessBase"]
[PlyCount "82"]
[EventDate "1984.09.10"]
[EventType "match"]
[EventRounds "48"]
[EventCountry "URS"]
[SourceTitle "MainBase"]
[Source "ChessBase"]
[SourceDate "1999.07.01"]
[SourceVersion "2"]
[SourceVersionDate "1999.07.01"]
[SourceQuality "1"]

1. e4 e5 2. Nf3 Nc6 3. Bb5 a6 4. Ba4 Nf6 5. O-O Be7 6. Re1 b5 7. Bb3 d6 8. c3
O-O 9. h3 Bb7 10. d4 Re8 11. Nbd2 Bf8 12. a4 Qd7 13. axb5 {N} axb5 14. Rxa8
Bxa8 15. d5 $5 $14 Nd8 (15... Na5 16. Ba2 c6 17. b4 Nc4 18. Nxc4 bxc4 19. Bg5
$5 $36) 16. Nf1 h6 17. N3h2 Nb7 (17... c6 $5) 18. Bc2 Nc5 (18... c6 19. Ne3
cxd5 20. exd5 $16) 19. b4 Na6 (19... Na4 20. Bxa4 bxa4 21. c4 $16) 20. Ng4 $36
Nh7 (20... Nxg4 21. hxg4 c6 22. Ne3 Nc7 23. Bb3 $16) 21. Ng3 c6 22. dxc6 (22.
h4 $5 cxd5 23. exd5) 22... Bxc6 23. Bb3 Nc7 24. Qf3 Ne6 25. h4 Qd8 $6 (25...
Ra8) 26. Rd1 $1 $16 Qa8 (26... Qxh4 27. Nf5 Qd8 28. Nxe5 Nhg5 29. Qg4 Bxe4 30.
Nxf7 $1 $16) 27. Bd5 (27. Bxh6 $1 gxh6 28. Rxd6 $1 $44) 27... Bxd5 28. exd5 Nc7
29. Ne4 Qc8 30. Ne3 Qd7 31. Nf5 Ra8 $6 (31... Kh8) 32. Qh3 $6 (32. Nexd6 $1 g6
33. Qg4 Kh8 (33... Rd8 34. Nb7 $1 $16) 34. Nxh6 Qxg4 35. Ndxf7+ Kg7 36. Nxg4
Kxf7 37. Nxe5+ $16) 32... Rd8 33. Be3 Qc8 34. Qf3 Ne8 35. Bb6 Rd7 36. h5 Qb7
37. Be3 Kh8 38. g4 Be7 39. Nxe7 Rxe7 40. g5 hxg5 41. Bxg5 Rc7 1/2-1/2

[Event "(GER-ch) Internationa06 DSB Mephisto GM"]
[Site "Hannover"]
[Date "1983.08.13"]
[Round "7"]
[White "Karpov, Anatoly"]
[Black "Torre, Eugenio"]
[Result "1-0"]
[WhiteElo "2710"]
[BlackElo "2580"]
[Annotator "ChessBase"]
[PlyCount "61"]
[EventDate "1983.08.05"]
[EventType "tourn"]
[EventRounds "15"]
[EventCountry "GER"]
[EventCategory "9"]
[SourceTitle "MCL"]
[Source "ChessBase"]
[SourceDate "1999.07.01"]
[SourceVersion "1"]
[SourceVersionDate "1999.07.01"]
[SourceQuality "1"]

1. e4 e5 2. Nf3 Nc6 3. Bb5 a6 4. Ba4 Nf6 5. O-O Be7 6. Re1 b5 7. Bb3 d6 8. c3
O-O 9. h3 Nd7 10. d4 Bf6 11. Be3 Na5 12. Bc2 Nc4 13. Bc1 c5 14. b3 Ncb6 15. Be3
c4 (15... cxd4 16. cxd4 exd4 17. Bxd4 Ne5 18. Nbd2 Bb7 19. Rc1 $14) 16. d5 (16.
b4 a5 17. Na3 Ba6 (17... axb4 18. Nxb5 exd4 19. Nfxd4 $16) 18. bxa5 Nc8 19. Rb1
Qxa5 20. Qc1 Ne7 (20... Qxc3 $4 21. Bd2 $18) 21. d5 Rfb8 $17) 16... Bb7 17. b4
a5 18. a4 $1 $16 bxa4 (18... axb4 19. cxb4 bxa4 20. Bxa4 Qc7 21. Nc3 $16) 19.
Bxa4 Qc7 (19... Be7 20. Bc6 Qc7 21. b5 $16) (19... axb4 20. cxb4 Nxa4 21. Rxa4
Rxa4 22. Qxa4 Qc7 23. Nc3 $16) 20. Bb5 $1 axb4 21. Rxa8 Rxa8 22. cxb4 Be7 (
22... Ra1 23. Qd2 Bd8 24. Nc3 Rxe1+ 25. Nxe1 f5 26. f3 $16) 23. Nc3 Ra3 (23...
f5 24. Bxd7 (24. exf5 Nf6 25. Bxb6 Qxb6 $14) 24... Nxd7 25. exf5 $16) 24. Qc1
$1 Rb3 25. Nd2 $18 f5 (25... Rxb4 26. Qa3 Rxb5 27. Nxb5 $18) 26. Nxb3 cxb3 27.
exf5 Nf6 28. Bc6 b2 29. Qxb2 Nbxd5 30. Nxd5 Nxd5 31. Bxb7 1-0

[Event "Szirak"]
[Site "Szirak"]
[Date "1986.??.??"]
[Round "?"]
[White "Psakhis, Lev"]
[Black "Smejkal, Jan"]
[Result "1-0"]
[WhiteElo "2555"]
[BlackElo "2540"]
[Annotator "ChessBase"]
[PlyCount "85"]
[EventDate "1986.09.??"]
[EventType "tourn"]
[EventRounds "13"]
[EventCountry "HUN"]
[EventCategory "12"]
[SourceTitle "MCL"]
[Source "ChessBase"]
[SourceDate "1999.07.01"]
[SourceVersion "1"]
[SourceVersionDate "1999.07.01"]
[SourceQuality "1"]

1. e4 e5 2. Nf3 Nc6 3. Bb5 a6 4. Ba4 Nf6 5. O-O Be7 6. Re1 b5 7. Bb3 d6 8. c3
O-O 9. h3 Bb7 10. d4 Re8 11. Nbd2 Bf8 12. Bc2 Nb8 13. b3 Nbd7 14. d5 c6 15. c4
Qc7 (15... a5 16. Qe2 b4 17. dxc6 Bxc6 $13 {Suetin-Psakhis}) 16. Nf1 (16. a4
Rec8 17. Ra2 bxc4 18. bxc4 a5 19. Bd3 Nc5 $10 {Karpov-Romanishin}) 16... Rec8
17. Ne3 g6 18. Bd2 Nc5 19. Ng4 Nxg4 20. hxg4 cxd5 21. cxd5 Na4 22. Bd3 Nb2 23.
Qe2 Nxd3 24. Qxd3 Qc2 $10 25. Qe3 Qc5 26. Qg5 Qb6 27. Qh4 Rc2 28. Be3 Qd8 29.
Bg5 Qb6 30. Re3 Rac8 31. Kh2 b4 32. Rh1 Rc1 33. Ne1 f6 34. Bxf6 R8c3 35. Rxc3
Rxc3 36. Nf3 Rc2 37. Rf1 h6 38. g5 h5 39. Ne1 Rc3 40. f4 Qb5 41. Qf2 a5 42.
fxe5 Ba6 43. Rh1 1-0